The miserable mill /
Accidents, evil plots, and general misfortune abound when, in their continuing search for a home, the Beaudelaire orphans are sent to live and work in a sinister lumber mill.
| Hovedforfatter: | |
|---|---|
| Andre forfattere: | |
| Format: | Bog |
| Sprog: | English |
| Udgivet: |
New York, N.Y. :
HarperCollins Publishers,
c2000.
|
| Udgivelse: | First edition |
| Serier: | A series of unfortunate events ;
bk. 4 Snicket, Lemony. Series of unfortunate events ; bk. 4. |
| Fag: | |
| Classic Catalogue: | View this record in Classic Catalogue |
| LEADER | 01609nam a2200397 a 4500 | ||
|---|---|---|---|
| 001 | 33621 | ||
| 003 | BD-DhAAL | ||
| 005 | 20180806095517.0 | ||
| 008 | 990727s2000 nyua c 000 1 eng | ||
| 999 | |c 39989 |d 39989 | ||
| 010 | |a 99042695 | ||
| 020 | |a 9780062796059 | ||
| 020 | |a 0060283157 (lib. bdg.) | ||
| 020 | |a 0064407691 (pbk.) | ||
| 035 | |a (DLC) 99042695 | ||
| 040 | |a DLC |c DLC |d DLC |d BD-DhAAL | ||
| 042 | |a lcac | ||
| 050 | 0 | 0 | |a PZ7.S6795 |b Mi 2000 |
| 082 | 0 | 0 | |a 823.914 |2 21 |
| 100 | 1 | |a Snicket, Lemony. |9 27724 | |
| 245 | 1 | 4 | |a The miserable mill / |c by Lemony Snicket ; illustrations by Brett Helquist. |
| 250 | |a First edition | ||
| 260 | |a New York, N.Y. : |b HarperCollins Publishers, |c c2000. | ||
| 300 | |a 194 pages : |b illustrations ; |c 18 cm | ||
| 440 | |a A series of unfortunate events ; |v bk. 4 |9 27725 | ||
| 520 | |a Accidents, evil plots, and general misfortune abound when, in their continuing search for a home, the Beaudelaire orphans are sent to live and work in a sinister lumber mill. | ||
| 526 | |a AAL | ||
| 541 | |a Trim Education |e 33621 | ||
| 650 | 1 | |a Orphans |v Fiction. |9 27726 | |
| 650 | 1 | |a Brothers and sisters |v Fiction. |9 27727 | |
| 650 | 1 | |a Humorous stories. |9 27728 | |
| 700 | 1 | |a Helquist, Brett, |e illustrator |9 27729 | |
| 800 | 1 | |a Snicket, Lemony. |t Series of unfortunate events ; |v bk. 4. |9 27730 | |
| 852 | |a Ayesha Abed Library |c General Stacks | ||
| 942 | |2 ddc |c BK | ||
| 952 | |0 0 |1 0 |2 ddc |4 0 |6 823_914000000000000_SNI |7 0 |9 64142 |a BRACUL |b BRACUL |c GEN |d 2018-07-30 |e Trim Education |g 1375.00 |l 8 |m 54 |o 823.914 SNI |p 3010033621 |r 2025-07-24 |s 2025-07-21 |t 1 |v 1375.00 |w 2018-07-30 |y BK | ||